006630000a2200205000450024501060000065000180010665000310012465000100015565000130016565000140017865100250019265300390021765300360025665300350029265300310032704100130035870000190037110000200039077300470041010aPerspective of grasshopper population distribution in saskatchewan and interrelationship with weather14aEntomología14aPatrones de distribución14aClima14aDensidad14aLangostas 4lSaskatchewanpCanada gMelanopluseMelanoplus sanguinipes gMelanopuseMelanopus bivittatus gMelanopuseMelanopus packardii gCamnulaeCamnula pellucida0 aInglés1 aMukerji, M. K.1 aGage, Stuart H.1 tEnvironmental Entomologyq469-479d1977g6